000
00266nam a2200097Ia 4500
001
704446
005
20250826162411.0
008
250824s9999 xx 000 0 und d
245
0
_a
YA BEN İSTANBULU ALACAĞIM YA İSTANBUL BENİ
_c
AYLA ABAK
260
_b
TİMAŞ YAYINLARI
999
_c
704446
_d
704446